Normal view
MARC view
- Jaganathhan, R Rao, K. S Berghe, G. V
Entry Personal Name
001 - CONTROL NUMBER
- control field: 74468
003 - CONTROL NUMBER IDENTIFIER
- control field: NUST
005 - DATE AND TIME OF LATEST TRANSACTION
- control field: 20210628205226.0
008 - FIXED-LENGTH DATA ELEMENTS
- fixed length control field: 210628|| aca||aabn | a|a d
040 ## - CATALOGING SOURCE
- Original cataloging agency: NUST
- Transcribing agency: NUST
100 ## - HEADING--PERSONAL NAME
- Personal name: Jaganathhan, R Rao, K. S Berghe, G. V
670 ## - SOURCE DATA FOUND
- Source citation: Work cat.: (NUST): Jaganathhan, R Rao, K. S Berghe, G. V, Special functions and differential equation proceedings of a workshop held at the institute of mathematical science, 1998
